| 000 | 00918nam a22001817a 4500 | ||
|---|---|---|---|
| 999 |
_c27584 _d27584 |
||
| 003 | BDDh-ASL | ||
| 005 | 20231015030801.0 | ||
| 008 | 211104s2001 bg ||||| |||| 00| 0 b d | ||
| 040 |
_aBDDh-ASL _cBDDh-ASL |
||
| 082 |
_a954 _bMOS |
||
| 100 | 1 |
_9979 _aমঞ্জু, আনোয়ার হোসেইন |
|
| 245 | 1 | 0 | _aসিপাহী বিদ্রোহের ভূলে যাওয়া কাহিনী এবং একটি ঐতিহাসিক অবিচার / |
| 246 | _a Sipahee Bidroher Bhule Jaowa Kahini Ebong Ekti Oitihasik Abichar a rendering of historical events by Anwar Hossain Manju. | ||
| 260 |
_aঢাকা : _bঐতিহ্য, _c2001. |
||
| 300 |
_a127 p. : _c22 cm. |
||
| 650 | 0 |
_aসিপাহী বিদ্রোহ, সিপাহি বিদ্রোহ, সিপাহি যুদ্ধ (Sipahee Bidroho, Sepoy War,) _95598 |
|
| 942 |
_2ddc _cBK |
||